00668nam a2200217Ia 4500003000900000005001700009008004100026040001300067040001300080041000800093100002500101245004000126260002100166260000900187300000700196300001100203490000600214942001200220999001700232952020100249IT-RoPAU20220918175615.0120407s9999 xx 000 0 und d aIT-RoPAU cIT-RoPAU aita aRoberto Pagni935086 aUltimi dialoghi con Lanza del Vasto aEdizioni Paoline c1981 b21 c152 cm v1 cBK2ddc c21237d21237 00102ddc406922_19150000000000071aPAULUSbPAULUSd2012-04-11l0o922.1915r2012-04-11 00:00:00w2012-04-11yBKzInserito da: Mario In data: 19 settembre 2011 fondo: Via A.Severo 56 Progr:36396